| 000 | 01090nam a22002417a 4500 | ||
|---|---|---|---|
| 003 | Nust | ||
| 005 | 20230711164232.0 | ||
| 008 | 131219b xxu||||| |||| 00| 0 eng d | ||
| 020 |
_cAvailable _a9781853260919 |
||
| 040 |
_aDLC _bDLC _cRCMS |
||
| 082 |
_a823.912 _bWOO |
||
| 100 |
_aM.A, H.Newman _9984 |
||
| 245 |
_aVirginia Woolf to the lighthouse / _ca BBC-TV production in association with Colin Gregg Films, Ltd. ; directed by Colin Gregg. |
||
| 260 |
_aUnited States _bBookland _c1984-10-12 ; |
||
| 300 |
_axvi, 232p.: _b1/2 in. viewing copy. _c22,cm. |
||
| 500 | _aLC copies are probable original broadcast copy (1/2 in. viewing copy, VAF 4845), WETA-TV off-air copy of original PBS Great performances broadcast copy (1/2 in. viewing copy, copy 2, VAA 1147) and WETA-TV rebroadcast copy of original PBS Great performances broadcast copy (3/4 in. viewing copy, VBD 6228-6229). | ||
| 520 | _a | ||
| 538 | _iShelf # 13, Row # 1, Fiction. | ||
| 650 |
_aMCE _9379 |
||
| 710 |
_aCopyright Collection (Library of Congress) _9985 |
||
| 856 | _3Table of Content Only | ||
| 942 |
_2ddc _cFIC |
||
| 999 |
_c23610 _d23610 |
||